[Event "Benedictine International 6th"]
[Site "Manchester"]
[Date "1983.09.14"]
[Round "8"]
[White "Tisdall, Jonathan D"]
[Black "Thipsay, Praveen Mahadeo"]
[Result "1-0"]
[WhiteElo "2420"]
[BlackElo "2425"]
[PlyCount "95"]
[EventDate "1983.09.07"]
[EventType "swiss"]
[EventRounds "9"]
[EventCountry "ENG"]
[SourceTitle "BritBase"]
[Source "John Saunders"]
[SourceDate "2020.09.07"]
[SourceVersion "1"]
[SourceVersionDate "2020.09.07"]
[SourceQuality "2"]

1. d4 Nf6 2. c4 g6 3. Nc3 d5 4. cxd5 Nxd5 5. Nf3 Bg7 6. Qb3 Nb6 7. Bg5 Be6 8.
Qc2 Nc6 9. Rd1 Nb4 10. Qb1 N4d5 11. e4 Nxc3 12. bxc3 O-O 13. Be2 h6 14. Bc1 c5
15. dxc5 Bxc3+ 16. Kf1 Nd7 17. Bxh6 Bg7 18. Bxg7 Kxg7 19. Qb2+ Kg8 20. h4 Qc7
21. h5 g5 22. Qd2 Qf4 23. Nxg5 Qxd2 24. Rxd2 Nxc5 25. g3 Rfd8 26. Rc2 b6 27.
Kg2 Rd4 28. Rd1 Rxd1 29. Bxd1 Rd8 30. Be2 Bc8 31. Bc4 e6 32. e5 Bb7+ 33. f3 Kg7
34. Kf2 Rd7 35. Bb5 Rc7 36. Ke3 Kh6 37. f4 Kxh5 38. Be8 Kg6 39. Rh2 Re7 40. Bb5
a6 41. Be2 Rd7 42. Nh7 Kg7 43. Nf6 Rd8 44. Rh7+ Kf8 45. Bh5 Rd3+ 46. Ke2 Ke7
47. Rxf7+ Kd8 48. Rxb7 {Source: Bulletin 1983} 1-0

[Event "Benedictine International 6th"]
[Site "Manchester"]
[Date "1983.09.15"]
[Round "9"]
[White "Bass, Leonid"]
[Black "Bilek, Istvan"]
[Result "1/2-1/2"]
[WhiteElo "2460"]
[BlackElo "2405"]
[PlyCount "47"]
[EventDate "1983.09.07"]
[EventType "swiss"]
[EventRounds "9"]
[EventCountry "ENG"]
[SourceTitle "BritBase"]
[Source "John Saunders"]
[SourceDate "2020.09.07"]
[SourceVersion "1"]
[SourceVersionDate "2020.09.07"]
[SourceQuality "2"]

1. d4 g6 2. c4 Bg7 3. e4 d6 4. Nc3 Nf6 5. Nf3 O-O 6. Be2 e5 7. O-O Qe7 8. Bg5
c6 9. c5 h6 10. cxd6 Qxd6 11. Bh4 Nfd7 12. dxe5 Qxd1 13. Raxd1 Nxe5 14. Nxe5
Bxe5 15. f4 Bg7 16. Bc4 Nd7 17. Rd6 Nb6 18. Bb3 Kh7 19. f5 gxf5 20. exf5 Be5
21. Rd2 f6 22. Ne4 a5 23. a4 Nd5 24. Bxd5 {Source: Bulletin 1983} 1/2-1/2

[Event "Benedictine International 6th"]
[Site "Manchester"]
[Date "1983.09.15"]
[Round "9"]
[White "Ciric, Dragoljub M"]
[Black "Jacobs, Byron A"]
[Result "1-0"]
[WhiteElo "2410"]
[BlackElo "2255"]
[PlyCount "63"]
[EventDate "1983.09.07"]
[EventType "swiss"]
[EventRounds "9"]
[EventCountry "ENG"]
[SourceTitle "BritBase"]
[Source "John Saunders"]
[SourceDate "2020.09.07"]
[SourceVersion "1"]
[SourceVersionDate "2020.09.07"]
[SourceQuality "2"]

1. e4 c5 2. Nf3 Nc6 3. Nc3 g6 4. d4 cxd4 5. Nxd4 Bg7 6. Nb3 Nf6 7. Be2 O-O 8.
O-O a5 9. a4 d6 10. Bg5 Be6 11. Kh1 Bxb3 12. cxb3 Nd7 13. Bb5 Nc5 14. f3 Ne6
15. Bh4 g5 16. Bf2 Ned4 17. Bxc6 Nxc6 18. Be3 h6 19. f4 gxf4 20. Bxf4 Ne5 21.
Qh5 Kh7 22. Bxe5 Bxe5 23. Rad1 Qe8 24. Nd5 f5 25. Qh4 Rc8 26. exf5 Bf6 27. Qe4
Kg7 28. Rf3 Be5 29. Rh3 Qd7 30. Qh4 Rc2 31. Qxh6+ Kg8 32. f6 {Source: Bulletin
1983} 1-0

[Event "Benedictine International 6th"]
[Site "Manchester"]
[Date "1983.09.15"]
[Round "9"]
[White "Gutman, Lev"]
[Black "Plaskett, H James"]
[Result "0-1"]
[WhiteElo "2440"]
[BlackElo "2425"]
[PlyCount "68"]
[EventDate "1983.09.07"]
[EventType "swiss"]
[EventRounds "9"]
[EventCountry "ENG"]
[SourceTitle "BritBase"]
[Source "John Saunders"]
[SourceDate "2020.09.07"]
[SourceVersion "1"]
[SourceVersionDate "2020.09.07"]
[SourceQuality "2"]

1. Nf3 Nf6 2. g3 b5 3. Bg2 Bb7 4. c3 c5 5. d3 e6 6. Qb3 a6 7. a4 b4 8. cxb4
cxb4 9. a5 Nc6 10. Qa4 Nd4 11. e4 Qc8 12. Bg5 Nc2+ 13. Ke2 Nxa1 14. Rc1 Bc6 15.
Qxa1 Qb7 16. Nbd2 Bb5 17. Nd4 h6 18. Bxf6 gxf6 19. Bf3 e5 20. Nxb5 Qxb5 21. Bh5
Bc5 22. Rc4 b3 23. Qc1 Bd4 24. Nf3 Qxa5 25. Nh4 Bxb2 26. Qxb2 Rb8 27. Kf3 Qa2
28. Qc3 O-O 29. Nf5 b2 30. Bxf7+ Rxf7 31. Rc8+ Rxc8 32. Qxc8+ Kh7 33. Nxh6 Rg7
34. Ng4 Qe6 {Source: Bulletin 1983 & BCM, Nov 1983, p484} 0-1

[Event "Benedictine International 6th"]
[Site "Manchester"]
[Date "1983.09.15"]
[Round "9"]
[White "Kraidman, Yair"]
[Black "Hodgson, Julian M"]
[Result "1/2-1/2"]
[WhiteElo "2410"]
[BlackElo "2385"]
[PlyCount "94"]
[EventDate "1983.09.07"]
[EventType "swiss"]
[EventRounds "9"]
[EventCountry "ENG"]
[SourceTitle "BritBase"]
[Source "John Saunders"]
[SourceDate "2020.09.07"]
[SourceVersion "1"]
[SourceVersionDate "2020.09.07"]
[SourceQuality "2"]

1. d4 Nf6 2. c4 c5 3. d5 Ne4 4. Qc2 Qa5+ 5. Nd2 Nd6 6. e4 g6 7. Ngf3 Bg7 8. Be2
O-O 9. O-O f5 10. exf5 Nxf5 11. Ne4 d6 12. Bd2 Qb6 13. Rab1 Nd7 14. b4 Qc7 15.
Bd3 b6 16. bxc5 Nxc5 17. Nxc5 Qxc5 18. Rbe1 Bd7 19. Bc3 Rae8 20. Ng5 Qc7 21.
Bxg7 Nxg7 22. Re3 b5 23. Rfe1 Bf5 24. Qc3 Bxd3 25. Qxg7+ Kxg7 26. Ne6+ Kg8 27.
Nxc7 Rc8 28. Nxb5 Bxc4 29. Nxa7 Rc7 30. Rxe7 Rxe7 31. Rxe7 Bxa2 32. Rd7 Ra8 33.
f3 Bxd5 34. Kf2 Be6 35. Re7 Bf7 36. Rc7 Be6 37. Nb5 Ra6 38. Ke3 Rb6 39. Nd4 Bf7
40. g4 Rb2 41. Rc6 Rxh2 42. Rxd6 Ra2 43. Kf4 Ra7 44. Nc6 Rb7 45. Nd8 Ra7 46.
Nc6 Rb7 47. Ne5 Kg7 {Source: Bulletin 1983} 1/2-1/2

[Event "Benedictine International 6th"]
[Site "Manchester"]
[Date "1983.09.15"]
[Round "9"]
[White "Kudrin, Sergey"]
[Black "Hebden, Mark L"]
[Result "1/2-1/2"]
[WhiteElo "2510"]
[BlackElo "2495"]
[PlyCount "94"]
[EventDate "1983.09.07"]
[EventType "swiss"]
[EventRounds "9"]
[EventCountry "ENG"]
[SourceTitle "BritBase"]
[Source "John Saunders"]
[SourceDate "2020.09.07"]
[SourceVersion "1"]
[SourceVersionDate "2020.09.07"]
[SourceQuality "2"]

1. e4 e5 2. Nf3 Nc6 3. Bc4 Nf6 4. d3 Be7 5. Bb3 d6 6. c3 O-O 7. O-O Nd7 8. Bc2
Nb6 9. a4 Bg4 10. a5 Nd7 11. h3 Bxf3 12. Qxf3 Bg5 13. Nd2 Nf6 14. b4 Ne7 15.
Qe2 Qd7 16. Kh2 h5 17. g3 Ng6 18. Nf3 Bxc1 19. Raxc1 Rae8 20. Bb3 d5 21. Bxd5
Nxd5 22. exd5 Qxd5 23. Ng5 Nh8 24. Qxh5 Qxd3 25. Rcd1 Qg6 26. Qxg6 Nxg6 27. Rd7
e4 28. h4 f6 29. Nh3 Rf7 30. Rfd1 Ne5 31. Rxf7 Kxf7 32. Kg2 Nd3 33. Kf1 c5 34.
bxc5 Rc8 35. Rb1 Nxc5 36. Nf4 g5 37. hxg5 fxg5 38. Nd5 Ke6 39. Ne3 Kd6 40. Ke2
Rf8 41. Rb4 Kc6 42. Ng4 Rf5 43. Ne3 Re5 44. Ng4 Re6 45. Ke3 Kc7 46. Kd4 b6 47.
axb6+ axb6 {Source: Bulletin 1983} 1/2-1/2

[Event "Benedictine International 6th"]
[Site "Manchester"]
[Date "1983.09.15"]
[Round "9"]
[White "Razuvaev, Yuri S"]
[Black "Tisdall, Jonathan D"]
[Result "1/2-1/2"]
[WhiteElo "2525"]
[BlackElo "2420"]
[PlyCount "35"]
[EventDate "1983.09.07"]
[EventType "swiss"]
[EventRounds "9"]
[EventCountry "ENG"]
[SourceTitle "BritBase"]
[Source "John Saunders"]
[SourceDate "2020.09.07"]
[SourceVersion "1"]
[SourceVersionDate "2020.09.07"]
[SourceQuality "2"]

1. d4 Nf6 2. c4 e6 3. Nc3 d5 4. Nf3 Be7 5. Bf4 O-O 6. e3 c5 7. dxc5 Bxc5 8. Be2
dxc4 9. Bxc4 Nc6 10. O-O a6 11. e4 b5 12. Bd3 Bb7 13. Qe2 Nh5 14. Be3 Qb6 15.
e5 Bxe3 16. fxe3 g6 17. Qf2 Nb4 18. Bb1 {Source: Bulletin 1983} 1/2-1/2

[Event "Benedictine International 6th"]
[Site "Manchester"]
[Date "1983.09.15"]
[Round "9"]
[White "Regan, Kenneth"]
[Black "Martin, Andrew D"]
[Result "1/2-1/2"]
[WhiteElo "2435"]
[BlackElo "2345"]
[PlyCount "100"]
[EventDate "1983.09.07"]
[EventType "swiss"]
[EventRounds "9"]
[EventCountry "ENG"]
[SourceTitle "BritBase"]
[Source "John Saunders"]
[SourceDate "2020.09.07"]
[SourceVersion "1"]
[SourceVersionDate "2020.09.07"]
[SourceQuality "2"]

1. e4 c5 2. c3 d5 3. exd5 Qxd5 4. d4 cxd4 5. cxd4 Nc6 6. Nf3 e5 7. Nc3 Bb4 8.
Bd2 Bxc3 9. Bxc3 e4 10. Ne5 Nxe5 11. dxe5 Ne7 12. Qe2 Nc6 13. Rd1 Qxa2 14. Qxe4
Be6 15. Be2 O-O 16. O-O Rad8 17. Rd6 Rxd6 18. exd6 Qd5 19. Qxd5 Bxd5 20. Rd1
Be6 21. h4 Rd8 22. h5 h6 23. g4 f6 24. Kg2 Kf7 25. f4 Bb3 26. Rd2 Ke6 27. g5
Bd5+ 28. Kf2 Rxd6 29. Rd1 Rd8 30. Re1 Kf7 31. Bd3 fxg5 32. fxg5 hxg5 33. Rg1
Be6 34. Bg6+ Kf8 35. Rxg5 Rd5 36. Rg3 Bf7 37. Bxf7 Rf5+ 38. Ke2 Rxf7 39. Kd3
Ne7 40. Bb4 Ke8 41. Re3 Kd7 42. Bxe7 Rxe7 43. Rh3 Kc6 44. h6 gxh6 45. Rxh6+ Kb5
46. Kc2 Ka5 47. Rh5+ b5 48. Rh3 Re5 49. Kb3 Kb6 50. Rg3 a5 {Source: Bulletin
1983} 1/2-1/2

[Event "Benedictine International 6th"]
[Site "Manchester"]
[Date "1983.09.15"]
[Round "9"]
[White "Short, Nigel D"]
[Black "Ravikumar, Vaidyanathan"]
[Result "1/2-1/2"]
[WhiteElo "2475"]
[BlackElo "2390"]
[PlyCount "81"]
[EventDate "1983.09.07"]
[EventType "swiss"]
[EventRounds "9"]
[EventCountry "ENG"]
[SourceTitle "BritBase"]
[Source "John Saunders"]
[SourceDate "2020.09.07"]
[SourceVersion "1"]
[SourceVersionDate "2020.09.07"]
[SourceQuality "2"]

1. e4 c5 2. Nf3 Nc6 3. d4 cxd4 4. Nxd4 Nf6 5. Nc3 d6 6. g3 Qb6 7. Nb3 e6 8. Be3
Qc7 9. a4 Be7 10. Bg2 O-O 11. Nb5 Qb8 12. c4 a6 13. Nc3 Ne5 14. Qe2 Qc7 15. Nd2
Neg4 16. Bf4 e5 17. Bg5 h6 18. Bxf6 Nxf6 19. O-O b6 20. Rfc1 Bg4 21. Bf3 Bd7
22. Nf1 Rfc8 23. Ne3 Be6 24. b3 Qb7 25. h4 Rc7 26. Rd1 Bf8 27. Bg2 Rd8 28. f4
exf4 29. gxf4 Qa7 30. Kh1 Rcc8 31. Bf3 Re8 32. Rg1 Qe7 33. Rg3 Rc5 34. Rag1 Nh5
35. Bxh5 Qxh4+ 36. Kg2 Rxh5 37. Qf3 Kh8 38. f5 Bc8 39. Kf1 Bb7 40. Ng2 Qh2 41.
Ne3 {Source: Bulletin 1983} 1/2-1/2

[Event "Benedictine International 6th"]
[Site "Manchester"]
[Date "1983.09.15"]
[Round "9"]
[White "Tarjan, James Edward"]
[Black "Hebert, Jean"]
[Result "1-0"]
[WhiteElo "2535"]
[BlackElo "2430"]
[PlyCount "159"]
[EventDate "1983.09.07"]
[EventType "swiss"]
[EventRounds "9"]
[EventCountry "ENG"]
[SourceTitle "BritBase"]
[Source "John Saunders"]
[SourceDate "2020.09.07"]
[SourceVersion "1"]
[SourceVersionDate "2020.09.07"]
[SourceQuality "2"]

1. e4 c5 2. Nf3 e6 3. Nc3 Nc6 4. d4 cxd4 5. Nxd4 a6 6. g3 Qc7 7. Bg2 Nf6 8. O-O
Be7 9. Re1 Nxd4 10. Qxd4 Bc5 11. Qd1 d6 12. Be3 e5 13. Qd2 Be6 14. a3 Rc8 15.
Bxc5 Qxc5 16. Rad1 Ke7 17. h3 Rhd8 18. Re3 b5 19. f4 a5 20. f5 Bd7 21. Kh2 Be8
22. Re2 b4 23. axb4 Qxb4 24. Re3 Rc4 25. Rd3 Bc6 26. b3 Rxe4 27. Nxe4 Bxe4 28.
Bxe4 Qxd2+ 29. R1xd2 Nxe4 30. Re2 Nc5 31. Rd5 Ra8 32. Re1 Ra6 33. g4 f6 34. Kg2
Kd7 35. Kf3 Kc6 36. Red1 Kc7 37. g5 Rb6 38. gxf6 gxf6 39. Rg1 Rb4 40. Rg4 e4+
41. Ke3 a4 42. Rd4 Rb8 43. bxa4 Rb1 44. Rh4 Rf1 45. Rxh7+ Kc6 46. a5 Rxf5 47.
a6 Nxa6 48. Rxe4 Nc5 49. Re8 Kd5 50. Rh4 Rf1 51. Rd4+ Kc6 52. Rc8+ Kb7 53. Rh8
Kc7 54. Rd2 Kd7 55. Rh4 Ke7 56. Rf2 Rh1 57. Kf3 Nd7 58. Kg2 Ra1 59. Rhf4 Ra8
60. h4 Rh8 61. Kg3 Rh6 62. Rh2 Ne5 63. h5 Ke6 64. Rf1 Ke7 65. Kf4 Ke6 66. Rg1
Kf7 67. Rg3 Nc6 68. Rb3 Ke6 69. Rb7 Ne5 70. Rg7 Kd5 71. Re7 Kc6 72. Ra7 Kd5 73.
Rh3 Ke6 74. Rg7 Kd5 75. Kf5 Nc6 76. Rg6 Ne7+ 77. Kxf6 Nxg6 78. Rd3+ Kc5 79.
hxg6 Rh2 80. Rg3 {Source: Bulletin 1983} 1-0